Psychological foundations of learning and teaching /

Uložené v:
Podrobná bibliografia
Hlavní autori: Robeck, Mildred Coen (Author), Michael, William Burton (Author), Wilson, John Abraham Ross (Author)
Médium: Kniha
Jazyk:English
Vydané: New York : McGraw-Hill Book Company, 1974.
Vydanie:2nd ed.
ISBN: (brož.)
Fyzický popis: 589 s. : obr., tab.
Tagy: Pridať tag
Žiadne tagy, Buďte prvý kto otaguje tento záznam!

MARC

LEADER 00000cam a22000007a 4500
001 000149430
005 20100729214609.0
008 970314s1974 xxu eng d
020 |a (brož.) 
040 |a SVKKK  |b slo  |c SVKKK  |e AACR2 
041 0 |a eng 
044 |a xxu  |c US 
100 1 |a Robeck, Mildred Coen  |4 aut 
245 1 0 |a Psychological foundations of learning and teaching /  |c John A. R. Wilson, Mildred C. Robeck, Wiliam B. Michael. 
250 |a 2nd ed. 
260 |a New York :  |b McGraw-Hill Book Company,  |c 1974. 
300 |a 589 s. :  |b obr., tab. 
504 |a Index. 
700 1 |a Michael, William Burton.  |4 aut 
700 1 |a Wilson, John Abraham Ross.  |4 aut 
910 |a svkkk 
998 |a BK 
090 |g SCKHL  |k Sklad Pribinova 1. posch.  |a IV.98567  |j 609607  |i 2720172255  |s Absenčne